| 000 | 02749 a2200229 4500 | ||
|---|---|---|---|
| 001 | 24641 | ||
| 005 | 20260407155529.0 | ||
| 008 | 260407a1971 arg spa d | ||
| 003 | AR-UNSa-BCEJYS | ||
| 040 |
_aAR-UNSa-BCEJYS _bspa _cAR-UNSa-BCEJYS |
||
| 080 |
_a657.3 _xPresupuestos. Cierre de Cuentas. Balances (Estados Contables) |
||
| 245 | 1 | 0 |
_aEstados financieros _pformas, análisis e interpretación |
| 264 | 1 |
_aMéxico : _bUnión Tipográfica Editorial Hispano-Americana (UTEHA) _c1971 |
|
| 300 |
_axvii, 805 p. _c22 cm. |
||
| 505 | _aParte I: Introducción a los estados financieros y formulación de los mismos : 1.Introducción - 2. El balance : Principios generales - 3. El balance: Activos circulantes - 4. El balance : Activos no circulantes - 5. El balance : pasivo y capital - 6. El estado de pérdidas y ganancias y los estados del superávit y del capital - 7. Estados consolidados - Parte II: Análisis e interpretación de los estados financieros comerciales e industriales : 8. Estados financieros comparativos - 9. Porcentajes de la tendencias - 10. Estados con base común - 11. El capital de trabajo - 12. Estados de los cambios en el capital neto del trabajo - 13. Estado del flujo del efectivo - 14. Introducción a las razones estándar - 15. Análisis del capital neto de trabajo por medio de razones - 16. Análisis de la situación financiera a largo plazo - 17. Análisis de la situación financiera a largo plazo (continuación) - 18. Análisis de la utilidad - Parte III: Efecto de los cambios en los niveles de precios en la interpretación de los estados financieros : 19. Los cambios en el nivel de precios y los estados financieros - 20. Ajuste de los ingresos a los cambios en el dólar - 21. Ajustes en los costos por cambios en el nivel de precios - 22. Los cambios en el nivel de precios y el balance general - 23. Un estudio del nivel de precios - Parte IV: Análisis e interpretación de los estados financieros de distintos tipos de negocios : 24. Estados de una tienda de víveres, una tienda de departamentos y un fabricante de maquina industrial - 25. Estados de las empresas de transportes aéreos - 26. Estados de las empresas de transporte aéreo - 27. Estados de las empresas de ferrocarriles - 28. Estados de las empresas de ferrocarriles (continuación) - 29. Estados financieros de las empresas de servicios públicos - 30. Estados financieros de las empresas de sevicios públicos - 31. Estados finacieros de los bancos comerciales - 32. Estados financieros de los bancos comerciales. | ||
| 942 | _cBK | ||
| 590 | _aniveau_biblio:m niveau_hierar:0 | ||
| 100 | 1 | _aKennedy, Ralph Dale | |
| 700 | 1 | _aMc Mullen, Stewart Yarwood | |
| 700 | 1 | _aGuasch Rubio, Luis | |
| 700 | 1 | _aArenas Renart, Jorge | |
| 999 |
_c1208 _d1208 |
||